Statystyki dla Kluby z największą ilością przegranych finałów Ligi Mistrzów

Kliknij tutaj aby rozwiązać quiz!

Ogólne statystyki

  • Ten quiz został rozwiązany 406 razy
  • Średni wynik to 9 z 13

Statystyki odpowiedzi

Przegrane finałyKlub% Poprawnych
7Juventus
91%
4AC Milan
88%
2Manchester United
88%
3Liverpool
87%
5Bayern Monachium
86%
3Real Madryt
86%
2Inter Mediolan
78%
3Atlético Madryt
69%
3FC Barcelona
62%
2Ajax Amsterdam
55%
5Benfica
38%
2Valencia
31%
2Stade de Reims
4%

Rozkład punktacji

Percentyl według liczby udzielonych odpowiedzi

Procent ludzi z każdym wynikiem

Twoja historia wyników

Nie rozwiązałeś tego quizu